[Event "Titled Tuesday intern op 06th Feb Early"]
[Site "Chess.com INT"]
[Date "2024.02.06"]
[Round "9"]
[White "Urazayev, Arystanbek"]
[Black "Ambartsumova, Karina"]
[Result "0-1"]
[WhiteElo "2476"]
[BlackElo "2418"]
[PlyCount "64"]
[EventDate "2024.02.06"]
[EventType "swiss (blitz)"]
[EventRounds "11"]
[EventCountry "USA"]
[SourceTitle "CB07_2024"]
[SourceDate "2024.02.14"]
[SourceVersion "1"]
[SourceVersionDate "2024.02.14"]
[SourceQuality "1"]

1. d4 Nf6 2. Nf3 e6 3. e3 d5 4. Bd3 Be7 5. 0-0 0-0 6. b3 b6 7. Bb2 Ba6 8. c4 dxc4 9. bxc4 c5 10. Ne5 Bb7 11. Nc3 cxd4 12. exd4 Nc6 13. Nxc6 Bxc6 14. Re1 Bb7 15. d5 exd5 16. cxd5 Bc5 17. Ne4 Nxe4 18. Bxe4 Qh4 19. g3 Qh3 20. Qf3 Rad8 21. Rad1 Rfe8 22. Qc3 f6 23. Qf3 Qd7 24. Bf5 Rxe1+ 25. Rxe1 Bxd5 26. Qh5 g6 27. Bxd7 gxh5 28. Bf5 Kg7 29. a3 Bf3 30. h3 Rd2 31. Bc1 Bxf2+ 32. Kf1 Bxe1 0-1

[Event "Titled Tuesday intern op 06th Feb Late"]
[Site "Chess.com INT"]
[Date "2024.02.06"]
[Round "10"]
[White "Urazayev, Arystanbek"]
[Black "Janaszak, Dawid"]
[Result "1-0"]
[WhiteElo "2476"]
[BlackElo "2308"]
[PlyCount "63"]
[EventDate "2024.02.06"]
[EventType "swiss (blitz)"]
[EventRounds "11"]
[EventCountry "USA"]
[SourceTitle "CB07_2024"]
[SourceDate "2024.02.14"]
[SourceVersion "1"]
[SourceVersionDate "2024.02.14"]
[SourceQuality "1"]

1. e4 c5 2. Nf3 Nc6 3. Bb5 e5 4. 0-0 Nge7 5. Bc4 h6 6. c3 g6 7. Qb3 Rh7 8. Qc2 d6 9. h3 Be6 10. Bxe6 fxe6 11. d4 cxd4 12. cxd4 exd4 13. Nbd2 e5 14. Nc4 Qd7 15. Bd2 g5 16. b4 Rg7 17. b5 Nd8 18. Bb4 Nf7 19. Nh2 h5 20. a4 g4 21. hxg4 hxg4 22. Rac1 Qe6 23. f4 g3 24. Nf3 Rh7 25. Ng5 Qh6 26. Nh3 Ng6 27. fxe5 Ngxe5 28. Nxe5 dxe5 29. Bxf8 Kxf8 30. Rf3 d3 31. Qc5+ Qd6 32. Qxd6+ 1-0

[Event "Titled Tuesday intern op 16th Jan Early"]
[Site "Chess.com INT"]
[Date "2024.01.16"]
[Round "8"]
[White "Urazayev, Arystanbek"]
[Black "Zavgorodniy, Sergiy"]
[Result "1-0"]
[WhiteElo "2476"]
[BlackElo "2401"]
[PlyCount "93"]
[EventDate "2024.01.16"]
[EventType "swiss (blitz)"]
[EventRounds "11"]
[EventCountry "USA"]
[SourceTitle "CB04_2024"]
[SourceDate "2023.10.16"]
[SourceVersion "1"]
[SourceVersionDate "2023.10.16"]
[SourceQuality "1"]

1. e4 c5 2. Nf3 d6 3. Bb5+ Bd7 4. Bxd7+ Nxd7 5. c3 Ngf6 6. Qe2 e6 7. d4 cxd4 8. cxd4 d5 9. e5 Ne4 10. 0-0 Be7 11. Nbd2 Nxd2 12. Bxd2 0-0 13. Rac1 Rc8 14. Rxc8 Qxc8 15. Rc1 Qb8 16. Qb5 Nb6 17. a4 Rc8 18. b3 Rxc1+ 19. Bxc1 Qc8 20. Bd2 Nd7 21. h4 a6 22. Qd3 f6 23. exf6 Bxf6 24. g3 Nb8 25. b4 Nc6 26. b5 axb5 27. axb5 Ne7 28. Bf4 Qc4 29. Qe3 Kf7 30. Ne5+ Bxe5 31. Bxe5 Ng6 32. Qf3+ Kg8 33. Qg4 Qc8 34. Bd6 Qd7 35. Bc5 Nh8 36. b6 h6 37. Qf4 Qf7 38. Qb8+ Kh7 39. Qc7 h5 40. Bd6 Qf5 41. Be5 Nf7 42. Bf4 Qb1+ 43. Kg2 Qe4+ 44. Kh2 Qf3 45. Kg1 Qd1+ 46. Kg2 Kg6 47. Qxb7 1-0